00281nam a2200097 a 4500008004100000050001400041245007600055260002800131300001500159350000900174090811s2009 ||||||||||||||||| || u aZESCO(05)00aZESCO Newsletter: Kariba North extension officially launchedcZESCO Ltd aLusakabZESCO Ltdc2009 a24p. ;ill. a0.00